<?xml version="1.0" encoding="UTF-8"?><?xml-stylesheet type="text/xsl" href="static/style.xsl"?><OAI-PMH xmlns="http://www.openarchives.org/OAI/2.0/" xmlns:xsi="http://www.w3.org/2001/XMLSchema-instance" xsi:schemaLocation="http://www.openarchives.org/OAI/2.0/ http://www.openarchives.org/OAI/2.0/OAI-PMH.xsd"><responseDate>2026-04-14T08:45:02Z</responseDate><request verb="GetRecord" identifier="oai:www.recercat.cat:10256/22243" metadataPrefix="marc">https://recercat.cat/oai/request</request><GetRecord><record><header><identifier>oai:recercat.cat:10256/22243</identifier><datestamp>2024-05-22T11:33:45Z</datestamp><setSpec>com_2072_452966</setSpec><setSpec>com_2072_2054</setSpec><setSpec>col_2072_452968</setSpec></header><metadata><record xmlns="http://www.loc.gov/MARC21/slim" xmlns:dcterms="http://purl.org/dc/terms/" xmlns:xsi="http://www.w3.org/2001/XMLSchema-instance" xmlns:doc="http://www.lyncode.com/xoai" xsi:schemaLocation="http://www.loc.gov/MARC21/slim http://www.loc.gov/standards/marcxml/schema/MARC21slim.xsd">
   <leader>00925njm 22002777a 4500</leader>
   <datafield ind2=" " ind1=" " tag="042">
      <subfield code="a">dc</subfield>
   </datafield>
   <datafield ind2=" " ind1=" " tag="720">
      <subfield code="a">Pacheco Valls, Lluís</subfield>
      <subfield code="e">author</subfield>
   </datafield>
   <datafield ind2=" " ind1=" " tag="260">
      <subfield code="c">2019-06-01</subfield>
   </datafield>
   <datafield ind2=" " ind1=" " tag="520">
      <subfield code="a">Aquest és el treball de final de grau realitzat a l'Escola Politècnica Superior de la Universitat&#xd;
de Girona, relacionat amb el disseny de sistemes de control, la simulació de generadors de&#xd;
mini-eòlica i la implementació dins el laboratori d'energies renovables.&#xd;
Cada vegada pren més importància la generació elèctrica a partir de fons sostenibles. A la&#xd;
universitat de Girona existeixen grups de recerca i laboratoris destinats a les energies&#xd;
sostenibles, el laboratori d'energies és un clar exemple que treballa a la recerca i docència&#xd;
en el desenvolupament de noves energies renovables i la millora de les ja conegudes.&#xd;
L'objecte proposat d'aquest treball de final de grau és la implementació d'un sistema de&#xd;
control per un generador de mini-eòlica. El sistema es modelarà des de dues perspectives.&#xd;
Per una banda s'utilitzaran les equacions clàssiques que defineixen el sistema i per altra s'hi&#xd;
aplicaran mètodes experimentals dins el laboratori d'energies per a millorar aquest model, a&#xd;
més es calcularan els controladors que siguin necessaris pels llaços de control escollits. En&#xd;
tot cas es buscarà ampliar els coneixements sobre aquests sistemes eòlics. Es procurarà en&#xd;
tot moment dissenyar intentant maximitzar el rendiment energètic.&#xd;
Per estudiar el comportament teòric del sistema a modelar s'utilitzarà l'aplicació MATLAB,&#xd;
així com les eines que aquest software ens aporta</subfield>
   </datafield>
   <datafield ind2=" " ind1=" " tag="520">
      <subfield code="a">This is the final degree thesis carried out at the Higher Polytechnic School of the University&#xd;
of Girona, related to the design of control systems, the simulation of generators&#xd;
mini-wind and the implementation in the renewable energy laboratory.&#xd;
Electricity generation from sustainable sources is becoming more and more important. At the&#xd;
University of Girona has research groups and laboratories dedicated to energy&#xd;
sustainable, the energy laboratory is a clear example that works in research and teaching&#xd;
in the development of new renewable energies and the improvement of those already known.&#xd;
The proposed object of this thesis is the implementation of a system of&#xd;
control by a mini-wind generator. The system will be modeled from two perspectives.&#xd;
On the one hand, the classic equations that define the system will be used, and on the other,&#xd;
will apply experimental methods in the energy laboratory to improve this model, a&#xd;
plus the controllers that are needed by the chosen control loops will be calculated. In&#xd;
in any case, we will seek to expand knowledge about these wind systems. It will be procured in&#xd;
always design trying to maximize energy performance.&#xd;
To study the theoretical behavior of the system to be modeled, the MATLAB application will be used,&#xd;
as well as the tools that this software provides us</subfield>
   </datafield>
   <datafield ind1="8" ind2=" " tag="024">
      <subfield code="a">http://hdl.handle.net/10256/22243</subfield>
   </datafield>
   <datafield tag="653" ind2=" " ind1=" ">
      <subfield code="a">Energia eòlica</subfield>
   </datafield>
   <datafield tag="653" ind2=" " ind1=" ">
      <subfield code="a">Wind power</subfield>
   </datafield>
   <datafield tag="653" ind2=" " ind1=" ">
      <subfield code="a">Wind turbines</subfield>
   </datafield>
   <datafield tag="653" ind2=" " ind1=" ">
      <subfield code="a">Aerogeneradors</subfield>
   </datafield>
   <datafield ind2="0" ind1="0" tag="245">
      <subfield code="a">Simulació i sistemes de control de generadors de mini-eòlica i la seva implementació dins el laboratori d'energies</subfield>
   </datafield>
</record></metadata></record></GetRecord></OAI-PMH>